000 00406pab a2200157 454500
008 180718b2013 xxu||||| |||| 00| 0 eng d
100 _aKasinath, H.M.
245 _aUnderstanding and using qualitative methods in performance measurement
260 _c2013
300 _ap.8-13,17.
362 _a28 Jan
650 _aPerformance appraisal
773 _aUniversity News
908 _aN
909 _a98480
999 _c98479
_d98479